000 01581nam a2200325 a 4500
001 000000429
003 DO-SdBNP
005 20220930121534.0
008 081127s2002 dr a 000 f spa d
020 _a9993488526
020 _a9789993488521
040 _aDO-SdBNP
_bspa
_cBPMSU
082 4 _aRD863.44
_bF363o 2002
_222
100 1 _aFernández Simó, Alfredo,
_d1915-1991
245 1 0 _aObras completas /
_cAlfredo Fernández Simó ; edición Mario Suárez.
260 _aSanto Domingo :
_bSociedad Dominicana de Bibliófilos,
_c2002.
300 _a560 p. :
_bil. ;
_c22 cm.
490 0 _aBibliófilos 2000,
_v6
500 _3Incluye datos biográficos del autor en la solapa de la cubierta
500 _3Incluye referencias bibliográficas y notas al pie de las páginas
500 _aIncluye referencias bibliográficas y notas al pie de las páginas
505 0 _aIntroducción -- Realidad y ficción en la novelística de Alfredo Fernández Simó -- Guazábara de Alfredo Fernández Simó. La novela criollista de la montonera -- Guazábara -- Frondas alucinantes de Alfredo Fernández Simó. La novela metafísica de la vivienda cósmica -- Frondas alucinantes -- Inti de Alfredo Fernández Simó. La selva en la conciencia cósmica -- Inti. Estampas del Perú -- El arte poético de Alfredo Fernández Simó -- Rumbo del sueño.
590 _6Inventariado, 2022/VM
650 4 _aNovela dominicana
_v
650 0 _aPoesía dominicana
650 4 _aLiteratura dominicana.
700 1 _aSuárez, Mario,
_eed.
910 _aVMateo V./Validado
942 _2ddc
_cBK
999 _c14286
_d14286